000 00286nam a22001337a 4500
008 170908b xxu||||| |||| 00| 0 eng d
020 _a9780816043279
041 _aeng
080 _a91
100 _a41
101 _aGJEO
245 _aPLATE TECTONICS
_cERICKSON, J
942 _2udc
_cBK
999 _c26761
_d26761